[Event "Zudov Memorial"]
[Site "Nizhnij Tagil"]
[Date "2023.07.29"]
[Round "4"]
[White "Makov, Artem"]
[Black "Novoselov, Roman"]
[Result "1-0"]
[WhiteElo "2046"]
[BlackElo "2279"]
[PlyCount "77"]
[EventDate "2023.07.29"]
[EventType "swiss (rapid)"]
[EventRounds "11"]
[EventCountry "RUS"]
[SourceTitle "CBM 215 Extra"]
[Source "ChessBase"]
[SourceDate "2023.09.30"]
[SourceVersion "1"]
[SourceVersionDate "2023.09.30"]
[SourceQuality "1"]

1. d4 d5 2. Nf3 Nf6 3. c4 e6 4. Nc3 a6 5. cxd5 exd5 6. Bg5 c6 7. e3 Bd6 8. Bd3 Nbd7 9. 0-0 0-0 10. Rb1 Re8 11. b4 Nf8 12. Qc2 Bg4 13. Nd2 Bh5 14. Bh4 Bxh2+ 15. Kxh2 Ng4+ 16. Kh3 Qd6 17. Nf3 Rxe3 18. Bg3 Qh6 19. Nh4 Ree8 20. Qc1 g5 21. Nf5 Qf6 22. f3 Nh6 23. Be5 g4+ 24. Kh2 Rxe5 25. dxe5 Qxe5+ 26. f4 Qf6 27. Nxh6+ Qxh6 28. f5 Qf6 29. g3 Nd7 30. Re1 Kh8 31. Qd2 Qd4 32. Na4 Qf6 33. Qe3 Rg8 34. Nc5 Nxc5 35. bxc5 Qd8 36. Qe7 Qb8 37. Qf6+ Rg7 38. Rxb7 Qf8 39. Rbe7 1-0